Same Beginning: Elements and US State Capitals Quiz Stats

 Plays Quiz Updated Nov 3, 2015

Score 0/16 Timer 02:00
0 Plays Today
% Correct
Helium
90.6%
Indianapolis
89.1%
Lithium
86%
Bismarck
82.7%
Carbon
81.9%
Helena
80%
Phoenix
79.4%
Little Rock
72.6%
% Correct
Frankfort
70.5%
Lansing
69.9%
Bismuth
67.5%
Carson City
67.4%
Francium
67%
Phosphorus
66.2%
Indium
58.5%
Lanthanum
35.2%

You're not logged in!

Compare scores with friends on all Sporcle quizzes.
OR
Log In

Show Comments

Extras

Top Quizzes Today


Score Distribution

Your Account Isn't Verified!

In order to create a playlist on Sporcle, you need to verify the email address you used during registration. Go to your Sporcle Settings to finish the process.

Report this User

Report this user for behavior that violates our Community Guidelines.

Details: